[Event "32nd GER-ch Seniors-50 2020"]
[Site "Magdeburg"]
[Date "2020.08.16"]
[Round "3.5"]
[White "Wenner, Tobias"]
[Black "Biebinger, Gerhard"]
[Result "0-1"]
[WhiteElo "2119"]
[BlackElo "2226"]
[Annotator "TA"]
[PlyCount "116"]
[EventDate "2020.08.14"]
[EventType "swiss"]
[EventCountry "GER"]
[SourceTitle "playchess.com"]
[Source "ChessBase"]
[SourceQuality "1"]

{[%evp 12,115,22,-4,14,16,22,26,20,19,18,17,20,20,32,29,24,24,19,-20,8,-4,0,-7,-4,-10,46,27,11,16,28,15,18,19,37,24,68,0,0,0,20,-17,-15,-33,0,-16,-20,-20,-9,-14,-10,-88,-36,-85,-36,-48,-50,-51,-54,-58,0,-41,0,-59,-8,-9,-11,-118,-124,-120,-91,-111,-119,-133,-133,-135,-135,-145,-138,-164,-164,-174,-158,-164,-137,-164,-148,-160,-168,-162,-155,-151,-146,-146,0,-135,0,-152,-144,-225,-167,-6291,-6291,-5385,-5385,-29999]} 1. Nf3 c5 2. e4 g6 3. c3 Bg7 4. d4 cxd4 5. cxd4 d5 6. e5 Nc6 7. Be2 Bg4 {B27: Sicilian: 2 Nf3, unusual Black 2nd moves.} 8. Nbd2 e6 9. h3 Bxf3 {White has an edge.} 10. Nxf3 Qb6 11. O-O Nge7 12. b3 Nf5 {[%cal Rf5d4]} 13. Bb2 O-O 14. g4 Nfe7 15. Qd2 {[#]} a5 $146 ({Predecessor:} 15... Rfc8 16. Rac1 Qd8 17. Rc2 Qf8 18. Ba3 Bh6 19. g5 Bg7 20. Rfc1 Qd8 21. Bb5 Bf8 {1-0 (56) Hunold,R (1954)-Bachmann,D (1930) Germany 2014}) 16. Bc3 f6 17. exf6 Rxf6 18. Ne5 Rd8 (18... Nxe5 $11 19. dxe5 Rf7) 19. Kg2 Rff8 {Black wants to play ...Bxe5.} 20. f4 g5 $1 21. Nxc6 Nxc6 22. Rad1 gxf4 23. Rxf4 Kh8 24. Rxf8+ (24. Rdf1 $14) 24... Rxf8 $11 25. Bf3 Qd8 26. Qe2 Qf6 27. Rd3 Ne7 28. Be1 Ng6 {[#] White must now prevent ...Nf4+.} 29. Bg3 $1 Bh6 {Threatens to win with ...Bf4.} 30. Be5 Nxe5 31. dxe5 (31. Qxe5 $11 Qxe5 32. dxe5) 31... Qg5 (31... Qd8 $17 32. Qe1 Bg5) 32. Rc3 Rf7 33. Rc8+ Kg7 34. Re8 Qg6 35. Rc8 Qg5 36. Re8 Qg6 {Hoping for ...Rc7.} 37. Rc8 Bf4 (37... Bg5 $15) 38. h4 Qh6 39. Kh3 {[#]} (39. Qe1 $11 {keeps the balance.}) 39... Bg5 $1 $36 {[%mdl 2048] White is under strong pressure.} 40. h5 Be7 41. Rc7 {With the idea Bxd5!} Qf4 42. Kg2 Bh4 43. Rxf7+ Kxf7 44. Kf1 Kg7 45. Qd3 Qxe5 46. Bd1 Qf4+ 47. Kg2 Bf6 48. Qb5 Kh6 49. Qe2 Be5 50. Bc2 Qh2+ 51. Kf1 Qh1+ 52. Kf2 Qh2+ 53. Kf1 Qf4+ 54. Kg2 $1 Kg7 {Strongly threatening ...Qg3+.} 55. Bd3 (55. Bd1 $17) 55... h6 {...Qg3+ is the strong threat.} 56. Bb5 $2 (56. Qf3) 56... Qg3+ $19 57. Kf1 Bd4 {[%csl Gd4][%cal Rg3g1]} 58. Qxe6 Qf2# {Accuracy: White = 66%, Black = 76%.} 0-1

[Event "32nd GER-ch Seniors-50 2020"]
[Site "Magdeburg"]
[Date "2020.08.16"]
[Round "3.6"]
[White "Schulze, Andreas"]
[Black "Kahe, Ralph"]
[Result "0-1"]
[WhiteElo "2107"]
[BlackElo "2165"]
[Annotator "TA"]
[PlyCount "108"]
[EventDate "2020.08.14"]
[EventType "swiss"]
[EventCountry "GER"]
[SourceTitle "playchess.com"]
[Source "ChessBase"]
[SourceQuality "1"]

{[%evp 10,108,76,45,78,29,29,37,123,94,106,40,29,44,37,-54,0,-4,0,-133,-106,-81,-73,-213,-131,-225,-214,-212,-220,-349,-335,-357,-220,-328,-237,-232,-212,-407,-406,-378,-339,-331,-309,-293,-294,-297,-272,-274,-127,-132,-133,-629,-616,-577,-101,-436,-435,-414,-327,-835,-408,-991,-970,-920,-124,-122,-12,-208,-124,-288,0,-570,0,0,77,64,57,-255,-136,-238,-197,-758,-753,-782,-306,-332,-290,-328,-325,-299,-314,-371,-375,-608,-608,-608,-608,-594,-582,-594,-580]} 1. e4 g6 2. d4 Bg7 3. Nc3 a6 4. f4 d6 5. Nf3 Nd7 6. Be3 (6. Bc4 $5 {[%cal Rc4f7]} e6 7. a4 $14) 6... c5 {B06: Modern Defence.} 7. a4 Ngf6 8. dxc5 {[#]} dxc5 $146 (8... Qa5 $14) ({Predecessor:} 8... Qa5 9. Qd4 dxc5 10. Qd3 Nxe4 11. Qxe4 Bxc3+ 12. Bd2 Bxd2+ 13. Nxd2 Nf6 14. Qe5 O-O {0-1 (32) Petraki,E (1854)-Terbe,Z (2170) Tarvisio 2017}) 9. h3 Nh5 10. Kf2 (10. e5 $1 $16) 10... Bxc3 $1 $14 11. bxc3 Qc7 12. g3 (12. e5 $14) 12... Ndf6 13. Nd2 $1 Bd7 14. c4 (14. Qf3 $11) 14... Bc6 15. Bd3 O-O-O 16. Qg1 (16. e5 $17 {is a better defense.} Nd7 17. Rg1) 16... Nd7 {[%cal Bf6d7,Bd7f8,Bf8e6][%mdl 32]} 17. e5 (17. Qh2 $17) 17... f6 $1 $19 {[%cal Rf6e5]} (17... Bxh1 18. Qxh1 Rhf8 19. Rb1 $14) 18. e6 Nf8 19. Ne4 (19. Qh2 $142) 19... Nxe6 20. Rh2 Nhg7 21. Qe1 (21. Nxc5 $142 Nd4 22. Qb1) 21... Nd4 22. Bxd4 cxd4 (22... Rxd4 23. Kg1) 23. Qb4 $2 (23. Kg1) 23... e5 24. c5 Bxe4 25. Bxe4 exf4 26. g4 {White wants to play Rb1.} Rhe8 27. Bf3 Re3 28. Rb1 {[#]} Rxf3+ (28... b5 $1 $19 {and Black stays clearly on top.} 29. axb5 a5) 29. Kxf3 $17 {and if Qb6 works, White does fine.} Ne6 {Threatens to win with ...d3.} 30. Re2 $2 {[%mdl 8192]} (30. Qb6 $17 Ng5+ 31. Kg2) 30... Ng5+ $19 {[%mdl 64] Double Attack} 31. Kf2 {With the idea Qb6.} Nxh3+ $2 (31... f3 $19 32. Qxb7+ Qxb7 33. Rxb7 Nxh3+ 34. Kxf3 Ng5+ 35. Kg2 Kxb7 36. Re7+ Kc6) 32. Ke1 $2 {[%mdl 8192]} (32. Kf1 $17) 32... f3 33. Re6 Ng5 34. Rxf6 $2 (34. Rd6 Re8+ 35. Kf1) 34... Re8+ (34... Qe7+ $142 35. Kd1 Ne4 {[%mdl 64] Double Attack} 36. Qxb7+ Qxb7 37. Rxb7 Nxf6) 35. Kd1 (35. Kf1 $142 Ne4 36. Rxf3) 35... Ne4 {[%mdl 64] aiming for ...Nc3+. Double Attack} ({Weaker is} 35... Qe7 36. c6 $1 $11 {[%mdl 512]}) 36. Rxf3 Nxc5 $2 (36... Nc3+ $19 {has better winning chances.} 37. Rxc3 dxc3 38. Qxc3 Qf4 $1 {[%mdl 576] Double Attack}) 37. Qc4 $17 {[#]} Kb8 (37... d3 $1 $17 {[%mdl 512] Strongly threatening ...Qe7.} 38. cxd3 Qe5) 38. Rf7 $2 (38. Qf7 $1 $11 {and White has nothing to worry.} Qc6 39. Rb6) 38... Qe5 (38... Qg3 $19 {[%csl Ge8][%cal Rg3e1]} 39. Kc1 Re1+ 40. Kb2 Qc3+ $1 {[%mdl 512]} 41. Qxc3 dxc3+ 42. Ka2 Re4 $1 {[%mdl 576] Double Attack}) 39. Kc1 $2 {[#]} (39. Qf1 $17 {was the only defense.}) 39... Rc8 $2 ({Black should try} 39... d3 $1 $19 {[%mdl 512] ( -> ...d2+!)} 40. Qf4 (40. cxd3 Qh2) 40... Qxf4+ 41. Rxf4 Re1+ 42. Kb2 d2) 40. Qf1 $2 {[%mdl 8192]} (40. Kd1 $11) 40... Qe3+ $2 (40... d3 $1 $19 {Hoping for ...Qe3+.} 41. Rf8 d2+ $1 {[%mdl 512]} 42. Kd1 Qe1+ $1 {[%mdl 576] Deflection, Promotion} 43. Qxe1 dxe1=Q+ 44. Kxe1 Rxf8) 41. Kd1 $11 g5 (41... d3 $11 {remains equal.} 42. cxd3 Ka8) 42. Qh1 {[%cal Rf7b7][%mdl 1024] White wants to mate with Rfxb7+. White has strong compensation.} Rc7 $1 {[%cal Rc7f7] [#]} 43. Rf3 $2 {[%mdl 8192]} (43. Qh2 $1 $14 {[%mdl 512]} Ne6 44. Rb3 (44. Rxh7 Qf3+ 45. Kc1 Qa3+ 46. Rb2 Qa1+ 47. Rb1 Qa3+ 48. Kd2 Qe3+ 49. Kd1 Qf3+ 50. Kc1 Qa3+ $11)) 43... Qe8 $40 {[%mdl 128] Black is out for blood.} (43... Qe6 $19 {And now ...d3 would win.} 44. a5 d3 45. cxd3 Qxg4) 44. Qh6 (44. Rb4 $17 {was necessary.}) 44... Ne6 ({Don't go for} 44... Nxa4 $2 45. Rf8 $1 $18 {[%mdl 512]}) 45. Rb4 $2 {[#]} (45. Rbb3) 45... Qc6 $1 $19 {[%csl LRc2,LRf3]} 46. Rf2 {[#]} Qc5 $2 (46... d3 $1 {[%cal Rd3c2][%mdl 512]} 47. c4 {[#]} (47. cxd3 Qc1+) 47... Qc5 $1 {[%mdl 512]}) 47. Qxe6 Qxb4 48. Qb3 Qxb3 49. cxb3 {[%mdl 4096] Endgame KR-KR} Rc3 50. Rf8+ Ka7 51. Rd8 $2 (51. Rf5 h6 52. Rf6) 51... Rxb3 {Black is clearly winning.} 52. Rxd4 Rf3 53. Rd5 h6 54. Rf5 Rg3 {Accuracy: White = 28%, Black = 44%.} 0-1

[Event "32nd GER-ch Seniors-50 2020"]
[Site "Magdeburg"]
[Date "2020.08.16"]
[Round "3.7"]
[White "Doeserich, Juergen"]
[Black "Lindam, Ingo"]
[Result "0-1"]
[WhiteElo "2034"]
[BlackElo "2142"]
[Annotator "TA"]
[PlyCount "84"]
[EventDate "2020.08.14"]
[EventType "swiss"]
[EventCountry "GER"]
[SourceTitle "playchess.com"]
[Source "ChessBase"]
[SourceQuality "1"]

{[%evp 25,84,50,58,21,22,33,37,-40,29,21,44,41,44,41,43,44,46,25,93,86,54,-49,-39,-39,-22,-26,-10,-140,-158,-127,-132,-193,-166,-176,-125,-118,-112,-145,-95,-164,-169,-204,-197,-222,-207,-259,-259,-270,-269,-273,-197,-266,-112,-307,-307,-306,-307,-1333,-1322,-2468,-2053]} 1. d4 Nf6 2. c4 g6 3. Nc3 Bg7 4. e4 d6 5. Nf3 O-O 6. Be2 Na6 7. O-O e5 8. Be3 Ng4 9. Bg5 Qe8 10. dxe5 dxe5 11. h3 h6 12. Bc1 Nf6 13. Be3 Qe7 14. Qc2 {E94: King's Indian: Classical: 6 Be2 e5 7 0-0: Various Black 7th moves.} c6 15. Rad1 Nh5 {[#]} 16. c5 $146 (16. Qc1 $14) ({Predecessor:} 16. Qc1 Kh7 17. c5 Nc7 18. Rfe1 Ne6 19. Bf1 Rd8 20. Rxd8 Nxd8 21. Rd1 f5 22. exf5 gxf5 {½-½ (45) Pulvett Marin,D (2441)-Valdes Romero,L (2427) Sabadell 2013}) 16... Nc7 ({Better is} 16... Nxc5 $15 17. Qd2 (17. Nd5 cxd5 18. Bxc5 Qc7 $15) 17... Nf4) 17. Rd6 $11 Be6 18. Rfd1 Nf4 19. Bf1 Qf6 20. Ne1 Qe7 21. Kh2 f5 (21... Nh5 $11 {keeps the balance.}) 22. g3 $16 Nh5 23. Bg2 ({White should play} 23. exf5 $14 gxf5 24. Be2) 23... f4 24. Bc1 fxg3+ 25. fxg3 Ne8 $36 {[%mdl 2048] Black has good play.} 26. Be3 (26. R6d2 $11 {remains equal.}) 26... Nxd6 $17 27. cxd6 Qd7 28. Nd3 {[#]} (28. Ne2 $17) 28... b6 $1 $19 ({Don't take} 28... Qxd6 29. Bc5 $17) 29. Nb4 a5 (29... Rad8 $19 30. Qa4 Rc8) 30. Nd3 $17 c5 ({Much weaker is} 30... Qxd6 $6 31. g4 $11) 31. Nf2 Nf6 32. Bf1 (32. Nd3 $17) 32... Rad8 $19 33. Nb5 Ne8 34. b3 Kh7 35. Qd2 Qc6 36. Bc4 Bxc4 37. bxc4 Rf6 {[%cal Re8d6]} 38. d7 {[#]} (38. Qd5 {was called for.} Qd7 39. Ng4) 38... Nc7 (38... Nd6 $1 $19 {[%cal Rd6c4][%mdl 512]} 39. Qd3 (39. Nxd6 Qxd7) 39... h5) 39. Ng4 $2 {This move loses the game for White.} (39. Nxc7 $17 Qxc7 40. Qd5) 39... Rf7 40. Nxc7 Qxc7 41. Bxh6 $2 (41. Qe2) 41... Rfxd7 42. Qg5 Rxd1 {Accuracy: White = 34%, Black = 70%.} 0-1

[Event "32nd GER-ch Seniors-50 2020"]
[Site "Magdeburg"]
[Date "2020.08.16"]
[Round "3.8"]
[White "Namyslo, Holger"]
[Black "Wagner, Bernd"]
[Result "1-0"]
[WhiteElo "2149"]
[BlackElo "2070"]
[Annotator "ChessBase"]
[PlyCount "51"]
[EventDate "2020.08.14"]
[EventType "swiss"]
[EventCountry "GER"]
[SourceTitle "playchess.com"]
[Source "ChessBase"]
[SourceQuality "1"]
[TimeControl "40/5400+30:1800+30"]

1. e4 {[%emt 0:00:00]} e6 {[%emt 0:00:13]} 2. d4 {[%emt 0:00:07]} d5 {[%emt 0:00:16]} 3. e5 {[%emt 0:01:05]} c5 {[%emt 0:00:35]} 4. c3 {[%emt 0:00:04]} Nc6 {[%emt 0:00:13]} 5. Nf3 {[%emt 0:00:05]} Qb6 {[%emt 0:01:06]} 6. Be2 {[%emt 0:02:48]} Be7 {[%emt 0:02:22]} 7. O-O {[%emt 0:00:41]} Bd7 {[%emt 0:01:35]} 8. dxc5 {[%emt 0:10:07]} Bxc5 {[%emt 0:01:44]} 9. b4 {[%emt 0:04:13]} Be7 {[%emt 0:00:21]} 10. Bd3 {[%emt 0:02:03]} f5 {[%emt 0:08:35]} 11. Re1 {[%emt 0:02:34]} O-O-O {[%emt 0:01:57]} 12. a4 {[%emt 0:02:01]} Nh6 {[%emt 0:06:13]} 13. a5 {[%emt 0:02:27]} Qc7 {[%emt 0:00:10]} 14. Na3 {[%emt 0:00:47]} Nf7 {[%emt 0:02:36]} 15. Nb5 {[%emt 0:06:08]} Qb8 {[%emt 0:00:15]} 16. Qe2 {[%emt 0:04:37]} g5 {[%emt 0:07:58]} 17. Nbd4 {[%emt 0:01:08]} g4 {[%emt 0:06:47]} 18. Nxc6 {[%emt 0:00:12]} bxc6 {[%emt 0:00:08]} 19. Nd4 {[%emt 0:01:55]} Rdg8 {[%emt 0:05:35]} 20. Nxf5 {[%emt 0:00:59]} Bf8 {[%emt 0:04:31]} 21. Nd4 {[%emt 0:03:19]} Nxe5 {[%emt 0:00:58]} 22. Qxe5 {[%emt 0:02:33]} Bd6 {[%emt 0:00:14]} 23. Ba6+ {[%emt 0:00:39]} Kd8 {[%emt 0:03:05]} 24. Nxe6+ {[%emt 0:01:38]} Bxe6 {[%emt 0:00:32]} 25. Qxe6 {[%emt 0:00:11]} Rg6 {[%emt 0:01:07]} 26. Bg5+ {[%emt 0:01:48]} 1-0

[Event "32nd GER-ch Seniors-50 2020"]
[Site "Magdeburg"]
[Date "2020.08.17"]
[Round "4.1"]
[White "Schatz, Christian"]
[Black "Lundin, Jan"]
[Result "1/2-1/2"]
[WhiteElo "2162"]
[BlackElo "2321"]
[Annotator "TA"]
[PlyCount "55"]
[EventDate "2020.08.14"]
[EventType "swiss"]
[EventCountry "GER"]
[SourceTitle "playchess.com"]
[Source "ChessBase"]
[SourceQuality "1"]

{[%evp 12,55,-24,-21,-16,-14,0,-18,0,-19,0,-19,0,-23,0,-47,-15,-36,-36,-44,-52,-50,-59,-237,-160,-124,-61,-88,0,-102,-26,-19,25,0,0,-8,-9,-97,-97,-83,-59,-98,-87,-132,-116,-125]} 1. Nf3 d5 2. g3 c5 3. c4 d4 4. b4 cxb4 5. a3 bxa3 6. Bxa3 Nc6 7. Bg2 $1 {[%mdl 4] is more profitable than 7.d3 at the moment.} g6 {A09: Réti Opening: 1 Nf3 d5 2 c4.} 8. d3 Bg7 9. O-O Nh6 {The position is equal.} 10. Nbd2 {[#]} Rb8 $146 ({Predecessor:} 10... O-O 11. Ne4 b6 12. Qb3 Rb8 13. Ne1 Nf5 14. Nc2 Bd7 15. Rfb1 a5 16. Bc1 h6 {0-1 (32) Makoto,R (2338)-Mareco,S (2649) Batumi 2018}) 11. Qb3 b6 12. Rfb1 Bd7 13. Ne1 Nf5 14. Nc2 a5 15. Bxc6 Bxc6 16. Bc5 $1 {[%cal Rc5b6]} h5 17. Qb2 $2 {[#]} (17. Nf3 $15) 17... Qd7 18. Nf3 O-O (18... h4 $17 {aiming for ...hxg3.} 19. g4 Rb7 20. Bxb6 Nh6) 19. Bxb6 $15 h4 ({Black should try} 19... e5 $17 {Strongly threatening ...e4.} 20. Rxa5 e4) 20. Qc1 (20. Rxa5 $11 hxg3 21. hxg3) 20... Bxf3 (20... e5 $17 {Hoping for ...hxg3.} 21. Rxa5 e4 22. dxe4 Bxe4) 21. exf3 $11 Qc6 (21... hxg3 {feels hotter.} 22. hxg3 Nxg3 23. fxg3 Qd6 24. Kf2 Rxb6 25. Rxa5 Rxb1 26. Qxb1 Qc7) 22. Bxa5 Qxf3 {[%cal Rh4g3]} 23. Rxb8 (23. Ne1 {looks sharper.} Qc6 24. Qd1 Rxb1 25. Qxb1 hxg3 26. hxg3 Ra8 27. Bd2) 23... Rxb8 $40 {[%mdl 128] Black attacks.} 24. Qf4 (24. Qd1 $11 {remains equal.} Qb7 25. c5) 24... Qxf4 $17 25. gxf4 Bh6 26. Bc7 Rb2 27. Ne1 f6 28. c5 {Accuracy: White = 56%, Black = 64%.} 1/2-1/2

[Event "32nd GER-ch Seniors-50 2020"]
[Site "Magdeburg"]
[Date "2020.08.17"]
[Round "4.2"]
[White "Lindam, Ingo"]
[Black "Becker, Michael"]
[Result "1/2-1/2"]
[WhiteElo "2142"]
[BlackElo "2275"]
[Annotator "TA"]
[PlyCount "33"]
[EventDate "2020.08.14"]
[EventType "swiss"]
[EventCountry "GER"]
[SourceTitle "playchess.com"]
[Source "ChessBase"]
[SourceQuality "1"]

{[%evp 10,33,0,-15,-12,-13,-11,-9,1,-10,-8,-11,-5,-9,14,11,22,20,8,0,14,0,0,0,7,-21]} 1. d4 Nf6 2. Bg5 Ne4 3. h4 d5 4. Nd2 Bf5 5. Nxe4 Bxe4 6. f3 {The position is equal.} h6 {A45: Trompowsky Attack.} 7. Bf4 Bh7 8. e3 e6 9. Bd3 Bxd3 10. Qxd3 c5 11. dxc5 Qa5+ 12. c3 Qxc5 {[#]} 13. O-O-O $146 ({Predecessor:} 13. Ne2 Nc6 14. b4 Qb6 15. a4 Be7 16. g4 Qd8 17. Bg3 Bd6 18. f4 h5 19. g5 {0-1 (41) Rapport,R (2671)-Grandelius,N (2628) Abu Dhabi 2015}) 13... Nc6 14. Kb1 Be7 15. Ne2 e5 16. Bg3 Rd8 17. Bf2 {Not much happened in this game. Accuracy: White = 89%, Black = 100%.} 1/2-1/2

[Event "32nd GER-ch Seniors-50 2020"]
[Site "Magdeburg"]
[Date "2020.08.17"]
[Round "4.3"]
[White "Biebinger, Gerhard"]
[Black "Loew, Gerald"]
[Result "0-1"]
[WhiteElo "2226"]
[BlackElo "2152"]
[Annotator "ChessBase"]
[PlyCount "91"]
[EventDate "2020.08.14"]
[EventType "swiss"]
[EventCountry "GER"]
[SourceTitle "playchess.com"]
[Source "ChessBase"]
[SourceQuality "1"]
[TimeControl "40/5400+30:1800+30"]

1. d4 {[%emt 0:00:00]} d6 {[%emt 0:00:00]} 2. Nf3 {[%emt 0:00:36]} Nf6 {[%emt 0:00:18]} 3. c4 {[%emt 0:00:12]} Nbd7 {[%emt 0:00:25]} 4. Nc3 {[%emt 0:00:53]} e5 {[%emt 0:00:24]} 5. e4 {[%emt 0:04:30]} Be7 {[%emt 0:00:33]} 6. Be2 {[%emt 0:00:38]} O-O {[%emt 0:00:14]} 7. O-O {[%emt 0:00:11]} c6 {[%emt 0:00:28]} 8. Be3 {[%emt 0:02:46]} a6 {[%emt 0:01:30]} 9. d5 {[%emt 0:00:38]} cxd5 {[%emt 0:01:12]} 10. cxd5 {[%emt 0:00:07]} Ng4 {[%emt 0:00:54]} 11. Bd2 {[%emt 0:03:43]} b5 {[%emt 0:00:25]} 12. Ne1 {[%emt 0:02:00]} Ngf6 {[%emt 0:01:30]} 13. Nc2 {[%emt 0:05:53]} Nb6 {[%emt 0:05:36]} 14. f3 {[%emt 0:28:11]} Bd7 {[%emt 0:05:12]} 15. Be3 {[%emt 0:02:38]} Qb8 {[%emt 0:03:04]} 16. Qd2 {[%emt 0:02:47]} Rc8 {[%emt 0:00:58]} 17. Rfc1 {[%emt 0:00:52]} Nc4 {[%emt 0:05:23]} 18. Bxc4 {[%emt 0:00:09]} Rxc4 {[%emt 0:00:57]} 19. b3 {[%emt 0:03:58]} Rc8 {[%emt 0:02:37]} 20. a4 {[%emt 0:06:36]} bxa4 {[%emt 0:10:45]} 21. bxa4 {[%emt 0:00:16]} Qb3 {[%emt 0:04:16]} 22. Ra3 {[%emt 0:00:42]} Qc4 {[%emt 0:03:15]} 23. Ne2 {[%emt 0:03:01]} a5 {[%emt 0:05:16]} 24. Raa1 {[%emt 0:08:49]} Rab8 {[%emt 0:04:56]} 25. Ne1 {[%emt 0:01:18]} Qa6 {[%emt 0:09:43]} 26. Rxc8+ {[%emt 0:02:42]} Rxc8 {[%emt 0:00:46]} 27. Nc3 {[%emt 0:01:47]} Qc4 {[%emt 0:09:54]} 28. Nb5 {[%emt 0:00:24]} Bxb5 {[%emt 0:01:34]} 29. axb5 Qxb5 {[%emt 0:00:16]} 30. Qxa5 {[%emt 0:00:57]} Qe2 {[%emt 0:05:53]} 31. Qd2 {[%emt 0:00:20]} Qxd2 {[%emt 0:06:41]} 32. Bxd2 {[%emt 0:00:08]} Kf8 {[%emt 0:00:39]} 33. Kf2 {[%emt 0:00:16]} Nd7 {[%emt 0:01:32]} 34. Be3 {[%emt 0:01:34]} Bd8 {[%emt 0:01:02]} 35. Ra6 {[%emt 0:00:15]} Ke7 {[%emt 0:00:38]} 36. Ke2 {[%emt 0:04:08]} Rb8 {[%emt 0:01:08]} 37. Nd3 {[%emt 0:00:13]} Rb1 {[%emt 0:04:20]} 38. Bd2 {[%emt 0:06:30]} Bb6 {[%emt 0:01:00]} 39. Be3 {[%emt 0:01:56]} Bxe3 {[%emt 0:02:05]} 40. Kxe3 {[%emt 0:00:04]} h5 {[%emt 0:00:40]} 41. g3 {[%emt 0:08:37]} g6 {[%emt 0:07:12]} 42. Ra7 {[%emt 0:04:43]} Ke8 {[%emt 0:01:53]} 43. Ra8+ {[%emt 0:00:23]} Ke7 {[%emt 0:00:10]} 44. Ra7 {[%emt 0:00:06]} Ke8 {[%emt 0:00:07]} 45. Ra8+ {[%emt 0:00:05]} Ke7 {[%emt 0:00:05]} 46. Ra7 0-1

[Event "32nd GER-ch Seniors-50 2020"]
[Site "Magdeburg"]
[Date "2020.08.17"]
[Round "4.4"]
[White "Metz, Hartmut"]
[Black "Namyslo, Holger"]
[Result "1/2-1/2"]
[WhiteElo "2209"]
[BlackElo "2149"]
[Annotator "TA"]
[PlyCount "35"]
[EventDate "2020.08.14"]
[EventType "swiss"]
[EventCountry "GER"]
[SourceTitle "playchess.com"]
[Source "ChessBase"]
[SourceQuality "1"]

{[%evp 17,35,0,2,-22,-10,-16,22,7,6,0,0,0,0,0,0,0,14,0,12,0]} 1. e4 e6 2. d4 d5 3. Nc3 Nf6 4. e5 Nfd7 5. f4 c5 6. Nf3 Nc6 7. Be3 a6 8. Qd2 b5 9. dxc5 Bxc5 {The position is equal.} 10. Qf2 {10.Ne2 gains popularity. C11: French: Classical System: 4 e5 and 4 Bg5 dxe4.} Qb6 11. Bxc5 Qxc5 (11... Nxc5 {looks sharper.} 12. a3 b4 13. axb4 Nxb4 14. Rc1 O-O) 12. Qxc5 (12. a3 {feels hotter.} Bb7 13. Bd3 O-O 14. O-O Rfc8 15. Rfd1) 12... Nxc5 13. Bd3 {[#]} Ke7 $146 ({Predecessor:} 13... Bb7 14. O-O O-O-O 15. a3 h6 16. b4 d4 17. Ne2 Na4 18. Be4 Nc3 19. Nxc3 dxc3 20. Rfd1 {½-½ (20) Leitao,R (2533)-Andersson,U (2594) Havana 2003}) 14. Ne2 Bd7 15. Ned4 Nxd4 16. Nxd4 h6 17. O-O f5 18. exf6+ {A rather calm draw. Accuracy: White = 100%, Black = 87%.} 1/2-1/2

[Event "32nd GER-ch Seniors-50 2020"]
[Site "Magdeburg"]
[Date "2020.08.17"]
[Round "4.5"]
[White "Kahe, Ralph"]
[Black "Stahr, Ralf-Peter"]
[Result "1/2-1/2"]
[WhiteElo "2165"]
[BlackElo "2137"]
[Annotator "TA"]
[PlyCount "48"]
[EventDate "2020.08.14"]
[EventType "swiss"]
[EventCountry "GER"]
[SourceTitle "playchess.com"]
[Source "ChessBase"]
[SourceQuality "1"]

{[%evp 13,48,11,28,23,24,22,91,86,94,56,55,48,73,73,76,66,66,77,69,0,6,0,0,-71,0,0,0,0,0,0,0,0,0,-190,-110,-155,-146]} 1. d4 Nf6 2. c4 e6 3. Nc3 Bb4 4. Qc2 O-O 5. a3 Bxc3+ 6. Qxc3 d5 7. Bg5 Nbd7 8. e3 {E36: Nimzo-Indian: Classical: 4...d5 5 a3.} h6 9. Bh4 b6 (9... dxc4 $11 {remains equal.} 10. Bxc4 c5) 10. cxd5 $16 {White is better.} exd5 11. Bb5 c5 12. Ne2 $1 {[#]} g5 $146 ({Predecessor:} 12... c4 13. Bc6 Rb8 14. Qc2 Qc7 15. Bxd7 Qxd7 16. Bxf6 gxf6 17. O-O Qf5 18. Qa4 a5 {½-½ (52) Kotanjian,T (2472)-Martirosyan,L (2146) Yerevan 2004}) 13. Bg3 Ne4 14. Qc2 Ndf6 15. f3 Nd6 16. Bc6 ({White should play} 16. h4 $14 g4 17. Ba4) 16... Bf5 $36 {[%mdl 2048] Black has some pressure.} 17. Qa4 Rc8 18. Bb5 (18. O-O $1 $11 {keeps the balance.}) 18... a6 (18... Nxb5 $17 19. Qxb5 Re8) 19. Bxa6 Ra8 {...b5! is the strong threat.} 20. Qc6 {[%mdl 64] [#] Double Attack} Nfe8 {Threatens to win with ...Bd7.} 21. Bxd6 Nxd6 22. dxc5 bxc5 {Strongly threatening ...Qa5+.} 23. Kf2 $2 (23. O-O $11 {and White has nothing to worry.}) 23... Qe7 (23... Qf6 $19 {aiming for ...Ne4+!} 24. Qxc5 Rxa6) 24. Ng3 Bd7 {Accuracy: White = 64%, Black = 61%.} 1/2-1/2

[Event "32nd GER-ch Seniors-50 2020"]
[Site "Magdeburg"]
[Date "2020.08.17"]
[Round "4.6"]
[White "Pitschka, Claus"]
[Black "Spiess, Thomas"]
[Result "1-0"]
[WhiteElo "2158"]
[BlackElo "1976"]
[Annotator "TA"]
[PlyCount "57"]
[EventDate "2020.08.14"]
[EventType "swiss"]
[EventCountry "GER"]
[SourceTitle "playchess.com"]
[Source "ChessBase"]
[SourceQuality "1"]

{[%evp 13,57,23,23,23,23,22,19,18,20,23,36,35,37,41,48,45,54,54,70,60,62,42,56,39,78,44,124,139,107,117,162,164,168,151,299,140,143,108,768,759,707,723,678,699,935,878]} 1. d4 d5 2. c4 c6 3. cxd5 cxd5 4. Nc3 Nf6 5. Bf4 Nc6 6. e3 Bf5 7. Qb3 $1 {7.Qb3 is better than 7.Nf3.} Na5 8. Qa4+ {D10: Slav Defence: 3 cxd5 (without early Nf3) and 3 Nc3.} Bd7 9. Qc2 Rc8 10. Bd3 {The position is equal.} Nc6 11. a3 e6 12. Nf3 Be7 13. h3 Nh5 14. Bh2 g6 15. O-O {[#]} f5 $146 ({Predecessor:} 15... O-O 16. Rac1 a6 17. Rfd1 f5 18. Qe2 Nf6 19. Ne5 Nxe5 20. Bxe5 Bc6 21. Qf3 Bd6 {0-1 (53) Socko,M (2448)-Gunina,V (2496) Huaian 2016}) 16. Rac1 O-O 17. Qb1 Na5 18. Ne5 a6 19. Ne2 Nb3 (19... Nc6 $14) 20. Rxc8 $16 Qxc8 21. Qc2 $36 {[%mdl 2048] White is in control.} Ba4 22. Nc3 b5 23. Qe2 f4 (23... Bd6 $16 {might work better.} 24. Nxa4 Nc1) 24. Bxg6 (24. Qg4 $18 {has better winning chances. Threatens to win with Nxg6!} Nf6 25. Qg5) 24... f3 {[#]} ({Wrong is} 24... hxg6 $2 25. Nxg6 Qe8 26. Nxe7+ (26. Nxf8 Kxf8 27. g4 Qg6 $16) 26... Kh7 27. Nc6 $18) 25. Bxh7+ $1 ({Resist} 25. gxf3 $6 hxg6 26. Nxg6 Rf7 $14) 25... Kg7 $2 {[%mdl 8192] A mistake that costs the game.} (25... Kxh7 $16 26. Nxf3 Ng7) 26. Qd3 $18 {Qg6+ would kill now.White is clearly winning.} Rf6 27. Bg6 fxg2 28. Kxg2 Qh8 29. Rg1 {Accuracy: White = 82%, Black = 53%.} 1-0